[Event "FIDE Open World Blitz 2021"]
[Site "Warsaw"]
[Date "2021.12.29"]
[Round "8.27"]
[White "Heberla, Bartlomiej"]
[Black "Gukesh D"]
[Result "0-1"]
[WhiteElo "2373"]
[BlackElo "2621"]
[Annotator "ChessBase"]
[PlyCount "118"]
[EventDate "2021.12.29"]
[EventType "swiss"]
[EventCountry "POL"]
[Tiebreak "Cut1 Buchholz"]
[SourceTitle "playchess.com"]
[Source "ChessBase"]
[SourceQuality "1"]

1. d4 Nf6 2. Nf3 d5 3. c4 e6 4. Nc3 Bb4 5. Qa4+ Nc6 6. Bg5 dxc4 7. e3 Qd5 8.
Bxf6 gxf6 9. Be2 b5 10. Qc2 Bb7 11. O-O Bxc3 12. bxc3 Ne7 13. Rfb1 a6 14. a4
Kd7 15. Ne1 Qf5 16. Qxf5 Nxf5 17. Bxc4 bxc4 18. Rxb7 Nd6 19. Rb2 Rhb8 20. Rab1
Rxb2 21. Rxb2 Ne4 22. Rb4 Nxc3 23. Rxc4 Nd5 24. Nd3 Rb8 25. g4 Kd6 26. Nc5 a5
27. Ne4+ Ke7 28. Rc5 Rg8 29. h3 f5 30. Ng3 fxg4 31. hxg4 Rxg4 32. Rxa5 Nxe3 33.
fxe3 Rxg3+ 34. Kf2 Rh3 35. Ra8 f5 36. a5 Kd6 37. a6 Rh2+ 38. Kf3 Ra2 39. a7 Kd7
40. Kf4 h6 41. Ke5 h5 42. Rh8 Rxa7 43. Rh7+ Kc6 44. Kxe6 Ra3 45. d5+ Kb6 46.
Rxh5 Rxe3+ 47. Kxf5 Kc5 48. Kf4 Rd3 49. Ke4 Rd4+ 50. Ke3 Rxd5 51. Rh7 c6 52.
Rh4 Kb5 53. Rh8 c5 54. Rb8+ Kc4 55. Rb1 Kc3 56. Rc1+ Kb2 57. Rc4 Kb3 58. Rh4 c4
59. Ke2 c3 0-1

[Event "FIDE Open World Blitz 2021"]
[Site "Warsaw"]
[Date "2021.12.29"]
[Round "8.28"]
[White "Jumabayev, Rinat"]
[Black "Sargissian, Gabriel"]
[Result "0-1"]
[WhiteElo "2658"]
[BlackElo "2664"]
[Annotator "ChessBase"]
[PlyCount "94"]
[EventDate "2021.12.29"]
[EventType "swiss"]
[EventCountry "POL"]
[Tiebreak "Cut1 Buchholz"]
[SourceTitle "playchess.com"]
[Source "ChessBase"]
[SourceQuality "1"]

1. d4 Nf6 2. Nf3 d5 3. c3 c6 4. Bf4 Bf5 5. Qb3 Qb6 6. e3 e6 7. c4 Bxb1 8. Rxb1
Qxb3 9. axb3 Bb4+ 10. Ke2 Nbd7 11. h3 O-O 12. g4 a5 13. Ra1 a4 14. cxd5 Nxd5
15. bxa4 Nxf4+ 16. exf4 Nb6 17. Ne5 Nxa4 18. Nd3 Bd6 19. Bg2 Nb6 20. f5 exf5
21. gxf5 Rfd8 22. Rxa8 Rxa8 23. Rd1 Kf8 24. f6 gxf6 25. Be4 h6 26. Kf3 Ra4 27.
Nc5 Bxc5 28. dxc5 Nc4 29. b3 Ne5+ 30. Kf4 Rb4 31. Rd8+ Kg7 32. Rc8 Nd3+ 33. Ke3
Nxc5 34. Bc2 Nxb3 35. Rc7 Nd4 36. Bd1 Ne6 37. Rd7 f5 38. Bh5 Ng5 39. f4 Re4+
40. Kd2 Rb4 41. h4 Ne4+ 42. Ke3 Nf6 43. Rd8 Nd5+ 44. Kf2 Nf6 45. Rb8 Ng4+ 46.
Kg2 Ne5 47. Rxb7 Kf6 0-1

[Event "FIDE Open World Blitz 2021"]
[Site "Warsaw"]
[Date "2021.12.29"]
[Round "8.28"]
[White "Jakubowski, Krzysztof"]
[Black "Suleymanli, Aydin"]
[Result "0-1"]
[WhiteElo "2373"]
[BlackElo "2541"]
[Annotator "ChessBase"]
[PlyCount "148"]
[EventDate "2021.12.29"]
[EventType "swiss"]
[EventCountry "POL"]
[Tiebreak "Cut1 Buchholz"]
[SourceTitle "playchess.com"]
[Source "ChessBase"]
[SourceQuality "1"]

1. d4 d5 2. c4 e6 3. Nc3 Be7 4. cxd5 exd5 5. Bf4 Nf6 6. e3 O-O 7. Bd3 c5 8.
dxc5 Bxc5 9. Nge2 Nc6 10. O-O h6 11. h3 a6 12. Rc1 Ba7 13. a3 Re8 14. Na4 Ne5
15. Nd4 Qe7 16. b4 b5 17. Bxe5 Qxe5 18. Nc5 Bb8 19. Nf3 Qd6 20. Bb1 g5 21. Qd4
g4 22. hxg4 Bxg4 23. Rfd1 Ra7 24. Kf1 Rae7 25. Rd2 Qb6 26. Nb3 Qe6 27. Nc5 Qb6
28. Nb3 Qe6 29. Nc5 Qd6 30. Nb3 Ne4 31. Bxe4 Rxe4 32. Qc5 Qf6 33. Nbd4 Bxf3 34.
Nxf3 Rg4 35. Qxd5 Kg7 36. Rc6 Qa1+ 37. Rd1 Qxa3 38. Qf5 Qxb4 39. Qf6+ Kg8 40.
Rd7 Qb1+ 41. Ne1 Qg6 42. Qf3 Qg7 43. Rf6 Rf8 44. Nd3 Rg6 45. Rf5 Qa1+ 46. Ne1
Qa2 47. Rb7 Qe6 48. g3 Bd6 49. Rb6 Qc4+ 50. Kg2 Bc5 51. Rc6 Rxc6 52. Qxc6 Be7
53. Qd7 Qe4+ 54. Nf3 Rd8 55. Qc7 Qxf5 56. Qxe7 Rd7 57. Qe8+ Kg7 58. Nh4 Qe6 59.
Qb8 Rd5 60. Qf4 Re5 61. Qb4 Qd5+ 62. Nf3 Re4 63. Qc3+ Kg8 64. Qc8+ Kh7 65. Qc2
Kg7 66. Qc3+ Kf8 67. Qc8+ Re8 68. Qxa6 h5 69. Qh6+ Kg8 70. Qf4 Re4 71. Qb8+ Kg7
72. Qb6 Re6 73. Qb8 Rf6 74. e4 Qxe4 0-1

[Event "FIDE Open World Blitz 2021"]
[Site "Warsaw"]
[Date "2021.12.29"]
[Round "8.29"]
[White "Onyshchuk, Volodymyr"]
[Black "Tazbir, Marcin"]
[Result "1-0"]
[WhiteElo "2622"]
[BlackElo "2508"]
[Annotator "ChessBase"]
[PlyCount "123"]
[EventDate "2021.12.29"]
[EventType "swiss"]
[EventCountry "POL"]
[Tiebreak "Cut1 Buchholz"]
[SourceTitle "playchess.com"]
[Source "ChessBase"]
[SourceQuality "1"]

1. e4 c5 2. Nf3 d6 3. d4 Nf6 4. Nc3 cxd4 5. Nxd4 a6 6. a4 e5 7. Nf3 Be7 8. Bc4
Be6 9. Qe2 Qc8 10. Ba2 Bxa2 11. Rxa2 h6 12. O-O Qe6 13. Ra3 Nbd7 14. Rd1 Rc8
15. Be3 g6 16. Rb3 Rc7 17. Nd2 Kf8 18. f3 Kg7 19. Nf1 Rhc8 20. Qd2 h5 21. Bf2
Ne8 22. Ne3 Bg5 23. Qe2 Bxe3 24. Bxe3 f5 25. Rd2 Ndf6 26. Rb6 f4 27. Bf2 g5 28.
a5 Qf7 29. Rb4 Rc6 30. Na4 Nd7 31. Rxb7 Rb8 32. Rxb8 Nxb8 33. b3 Qe6 34. c4 g4
35. Nb6 Nf6 36. Bh4 Ne8 37. Nd5 Rc5 38. Ra2 Rc8 39. Ne7 Rc7 40. Nf5+ Kg6 41.
fxg4 Ng7 42. gxh5+ Kh7 43. Qg4 Nc6 44. Rd2 Ne8 45. Qg6+ Qxg6 46. hxg6+ Kxg6 47.
Nxd6 Ng7 48. Rd5 Ne6 49. Nf5 Ned4 50. Nxd4 Nxd4 51. Rxe5 Nxb3 52. Re6+ Kh5 53.
Bf6 Rxc4 54. Rxa6 Nd2 55. Be5 Nxe4 56. Bxf4 Kg4 57. Be3 Rc3 58. Bh6 Ra3 59. h3+
Kg3 60. Rg6+ Kh4 61. Rg4+ Kh5 62. Rxe4 1-0

[Event "FIDE Open World Blitz 2021"]
[Site "Warsaw"]
[Date "2021.12.29"]
[Round "8.29"]
[White "Bellahcene, Bilel"]
[Black "Gdanski, Jacek"]
[Result "1-0"]
[WhiteElo "2528"]
[BlackElo "2367"]
[Annotator "ChessBase"]
[PlyCount "75"]
[EventDate "2021.12.29"]
[EventType "swiss"]
[EventCountry "POL"]
[Tiebreak "Cut1 Buchholz"]
[SourceTitle "playchess.com"]
[Source "ChessBase"]
[SourceQuality "1"]

1. e4 e6 2. d4 d5 3. Nc3 Bb4 4. e5 Ne7 5. a3 Bxc3+ 6. bxc3 c5 7. h4 Qa5 8. Bd2
Nbc6 9. h5 h6 10. Qg4 Nf5 11. Bd3 Nce7 12. Qf4 c4 13. Be2 Nc6 14. Rh3 Bd7 15.
Rf3 Rf8 16. Qg4 Qa4 17. Bd1 O-O-O 18. Kf1 Qb5 19. Bc1 f6 20. a4 Qa5 21. exf6
Rxf6 22. Qh3 e5 23. g4 e4 24. Rxf5 Bxf5 25. gxf5 Kb8 26. Ne2 Ka8 27. Nf4 Rdf8
28. Ne6 R8f7 29. Bg4 Ne7 30. Rb1 Nxf5 31. Rb5 Qxa4 32. Rxd5 a6 33. Bxf5 Qxc2
34. Be3 Qxc3 35. Rd8+ Ka7 36. d5+ b6 37. Bxb6+ Kxb6 38. Qxc3 1-0

[Event "FIDE Open World Blitz 2021"]
[Site "Warsaw"]
[Date "2021.12.29"]
[Round "8.30"]
[White "Donchenko, Alexander"]
[Black "Salem, A.R. Saleh"]
[Result "1-0"]
[WhiteElo "2645"]
[BlackElo "2690"]
[Annotator "ChessBase"]
[PlyCount "101"]
[EventDate "2021.12.29"]
[EventType "swiss"]
[EventCountry "POL"]
[Tiebreak "Cut1 Buchholz"]
[SourceTitle "playchess.com"]
[Source "ChessBase"]
[SourceQuality "1"]

1. Nf3 d5 2. g3 c5 3. Bg2 Nf6 4. O-O e6 5. d4 cxd4 6. Nxd4 e5 7. Nf3 Nc6 8. c4
d4 9. e3 Be7 10. exd4 exd4 11. Bf4 O-O 12. Ne5 a5 13. Re1 Ra6 14. Nd2 Nxe5 15.
Bxe5 Ng4 16. Nf3 Bb4 17. Re4 Bf5 18. Rxd4 Qb6 19. Nh4 Nxe5 20. Nxf5 g6 21. Ne3
Bc5 22. Nd5 Qxb2 23. Rd2 Qa3 24. Qb3 a4 25. Qxb7 Re6 26. Nf4 Re7 27. Qb5 Rfe8
28. Nd5 Re6 29. Nc7 Ng4 30. Nxe6 Rxe6 31. Rf1 Bf8 32. Bd5 Rf6 33. Qb2 Qc5 34.
h3 Rb6 35. Qd4 Qxd4 36. Rxd4 Ne5 37. Rd2 Bc5 38. Kg2 Kg7 39. Re1 f6 40. f4 Bb4
41. Rb1 Nd7 42. Rdb2 Bc5 43. Rxb6 Nxb6 44. Rb5 Bd4 45. Kf3 f5 46. Ra5 Kf6 47.
Bg8 h5 48. c5 Nc8 49. Ra6+ Kg7 50. Be6 Ne7 51. c6 1-0

[Event "FIDE Open World Blitz 2021"]
[Site "Warsaw"]
[Date "2021.12.29"]
[Round "8.30"]
[White "Lubczynski, Rafal"]
[Black "Kolosowski, Mateusz"]
[Result "0-1"]
[WhiteElo "2361"]
[BlackElo "2444"]
[Annotator "NA"]
[PlyCount "78"]
[EventDate "2021.12.29"]
[EventType "swiss"]
[EventCountry "POL"]
[Tiebreak "Cut1 Buchholz"]
[SourceTitle "playchess.com"]
[Source "ChessBase"]
[SourceQuality "1"]

1. Nf3 Nf6 2. c4 c5 3. g3 d5 4. cxd5 Nxd5 5. Bg2 g6 6. h4 Nc6 7. h5 Bg7 8. Nc3
Nxc3 9. bxc3 Bf5 10. Qb3 Qb6 11. Ng5 Qxb3 12. axb3 Bd7 13. h6 Be5 14. f4 Bc7
15. Bb2 f6 16. Ne4 b6 17. e3 O-O 18. d4 cxd4 19. exd4 Rac8 20. Ba3 Rfe8 21. Nd2
Bb8 22. Kf2 e6 23. Rhe1 Ne7 24. c4 Nf5 25. Bb2 Nxh6 26. Ne4 Rf8 27. Bh3 Nf5 28.
d5 exd5 29. Nxf6+ Rxf6 30. Bxf6 dxc4 31. Rad1 Be8 32. bxc4 Bf7 33. Rd7 Bd6 34.
Bxf5 Bc5+ 35. Kf3 gxf5 36. g4 fxg4+ 37. Kxg4 Bxc4 38. Kf5 Bf7 39. Rg1+ Bxg1 0-1

[Event "FIDE Open World Blitz 2021"]
[Site "Warsaw"]
[Date "2021.12.29"]
[Round "8.31"]
[White "Nguyen, Thai Dai Van"]
[Black "Blanco Acevedo, Cristobal Jose"]
[Result "1-0"]
[WhiteElo "2594"]
[BlackElo "2350"]
[Annotator "ChessBase"]
[PlyCount "82"]
[EventDate "2021.12.29"]
[EventType "swiss"]
[EventCountry "POL"]
[Tiebreak "Cut1 Buchholz"]
[SourceTitle "playchess.com"]
[Source "ChessBase"]
[SourceQuality "1"]

1. d4 d5 2. c4 c6 3. Nf3 Nf6 4. Nc3 e6 5. e3 Nbd7 6. Be2 dxc4 7. a4 Bd6 8. Bxc4
O-O 9. O-O Qc7 10. h3 e5 11. a5 a6 12. Qc2 h6 13. Bd2 Re8 14. Bd3 c5 15. dxe5
Nxe5 16. Nxe5 Bxe5 17. f4 c4 18. Be2 Bd6 19. e4 Bc5+ 20. Kh1 Bd4 21. Bf3 Be6
22. Rad1 Red8 23. Ne2 Ba7 24. Bc3 Rxd1 25. Rxd1 Rd8 26. Rd2 Rxd2 27. Qxd2 Qd7
28. Qxd7 Bxd7 29. e5 Ne8 30. Bxb7 Nc7 31. Nd4 Nb5 32. Nxb5 Bxb5 33. g3 Ba4 34.
Kg2 Bb5 35. Kf3 Kf8 36. Bd5 Ke8 37. f5 Bc5 38. g4 Ke7 39. Ke4 f6 40. exf6+ gxf6
41. Bd2 Ba4 1-0

[Event "FIDE Open World Blitz 2021"]
[Site "Warsaw"]
[Date "2021.12.29"]
[Round "8.31"]
[White "Moroni, Luca Jr"]
[Black "Pichot, Alan"]
[Result "1-0"]
[WhiteElo "2580"]
[BlackElo "2630"]
[Annotator "ChessBase"]
[PlyCount "131"]
[EventDate "2021.12.29"]
[EventType "swiss"]
[EventCountry "POL"]
[Tiebreak "Cut1 Buchholz"]
[SourceTitle "playchess.com"]
[Source "ChessBase"]
[SourceQuality "1"]

1. d4 d5 2. c4 dxc4 3. e3 Nf6 4. Bxc4 e6 5. Nf3 a6 6. O-O c5 7. dxc5 Bxc5 8.
Qxd8+ Kxd8 9. a3 b5 10. Be2 Bb7 11. b4 Bd6 12. Bb2 Ke7 13. Nbd2 Nbd7 14. Nb3
Nb6 15. Na5 Bd5 16. Be5 Rhc8 17. Rfc1 Rxc1+ 18. Rxc1 Rc8 19. Rxc8 Nxc8 20. Kf1
Nb6 21. Ke1 Nbd7 22. Bxd6+ Kxd6 23. g3 e5 24. Nd2 Kc7 25. Nb1 Ne4 26. f3 Ng5
27. Kf2 Nb6 28. Nc3 Ne6 29. f4 f6 30. Bg4 Nd8 31. Be2 Be6 32. Bd3 f5 33. Ke2
Nf7 34. Bc2 g6 35. a4 exf4 36. exf4 Nd6 37. axb5 axb5 38. Bd3 Bd7 39. Ke3 Na4
40. Nd5+ Kd8 41. Kd4 Be6 42. Nc3 Nxc3 43. Kxc3 Kc7 44. Kd4 Bf7 45. Ke5 Nc4+ 46.
Bxc4 bxc4 47. Kd4 Be6 48. Nxc4 Kc6 49. Ne5+ Kb5 50. Nd3 Bc4 51. Ne5 Be6 52. Kc3
Bd5 53. Nd3 Be4 54. Nc5 Bd5 55. Nd7 Kc6 56. Kd4 Be6 57. Nf6 h6 58. Ke5 Bc4 59.
h4 h5 60. Nh7 Kd7 61. Kf6 Kd6 62. Kxg6 Kd5 63. Nf6+ Kd4 64. Kxf5 Ke3 65. Kg5
Kf3 66. Nxh5 1-0

[Event "FIDE Open World Blitz 2021"]
[Site "Warsaw"]
[Date "2021.12.29"]
[Round "8.32"]
[White "Costachi, Mihnea"]
[Black "Predke, Alexandr"]
[Result "0-1"]
[WhiteElo "2463"]
[BlackElo "2627"]
[Annotator "ChessBase"]
[PlyCount "78"]
[EventDate "2021.12.29"]
[EventType "swiss"]
[EventCountry "POL"]
[Tiebreak "Cut1 Buchholz"]
[SourceTitle "playchess.com"]
[Source "ChessBase"]
[SourceQuality "1"]

1. d4 d5 2. c4 e6 3. Nc3 Nf6 4. cxd5 exd5 5. Bg5 Bb4 6. e3 h6 7. Bh4 g5 8. Bg3
h5 9. Be5 Nbd7 10. Bd3 Nxe5 11. dxe5 Nd7 12. e6 fxe6 13. Bg6+ Kf8 14. Bxh5 Qf6
15. Rc1 c6 16. Be2 e5 17. a3 Ba5 18. b4 Bb6 19. Nf3 e4 20. Nd4 Ne5 21. a4 a5
22. b5 Kg7 23. bxc6 bxc6 24. Rb1 Bc5 25. Qc2 Bb4 26. Kf1 Nd3 27. Bxd3 exd3 28.
Qb2 Ba6 29. Kg1 Raf8 30. f3 Qe5 31. Kf2 c5 32. Ndb5 d4 33. exd4 cxd4 34. Ne4
Qxe4 35. Qc1 Qe2+ 36. Kg3 Rxf3+ 37. gxf3 Rh3+ 38. Kg4 Qxf3+ 39. Kxg5 Be7# 0-1

[Event "FIDE Open World Blitz 2021"]
[Site "Warsaw"]
[Date "2021.12.29"]
[Round "8.32"]
[White "Kuzmicz, Krystian"]
[Black "Dragnev, Valentin"]
[Result "0-1"]
[WhiteElo "2281"]
[BlackElo "2396"]
[Annotator "NA"]
[PlyCount "78"]
[EventDate "2021.12.29"]
[EventType "swiss"]
[EventCountry "POL"]
[Tiebreak "Cut1 Buchholz"]
[SourceTitle "playchess.com"]
[Source "ChessBase"]
[SourceQuality "1"]

1. e4 d5 2. exd5 Qxd5 3. Nf3 Bg4 4. Be2 Nc6 5. Nc3 Qd7 6. h3 Bxf3 7. Bxf3 O-O-O
8. d3 e5 9. Be3 Kb8 10. O-O f5 11. Re1 Nf6 12. Bg5 Bd6 13. Nd5 Rdf8 14. Bxf6
gxf6 15. c3 Rhg8 16. Kh1 f4 17. b4 Nd8 18. b5 Qxb5 19. Rb1 Qd7 20. Qb3 Qf7 21.
Qa4 c6 22. Nb4 Bxb4 23. Rxb4 Qc7 24. Reb1 Rg7 25. Qa3 Rff7 26. Ra4 Qe7 27. Rxa7
Qxa3 28. Rxa3 Rd7 29. Be4 Rg5 30. h4 Rh5 31. g3 f5 32. Bf3 Rh6 33. c4 Rhd6 34.
Be2 Ne6 35. Bf1 fxg3 36. fxg3 Nd4 37. Rc3 Rg7 38. Kh2 Rdg6 39. Re1 Nf3+ 0-1

[Event "FIDE Open World Blitz 2021"]
[Site "Warsaw"]
[Date "2021.12.29"]
[Round "8.33"]
[White "Sychev, Klementy"]
[Black "Blohberger, Felix"]
[Result "1/2-1/2"]
[WhiteElo "2615"]
[BlackElo "2490"]
[Annotator "ChessBase"]
[PlyCount "255"]
[EventDate "2021.12.29"]
[EventType "swiss"]
[EventCountry "POL"]
[Tiebreak "Cut1 Buchholz"]
[SourceTitle "playchess.com"]
[Source "ChessBase"]
[SourceQuality "1"]

1. d4 Nf6 2. c4 e6 3. Nc3 Bb4 4. Bf4 O-O 5. Qb3 Nc6 6. e3 d6 7. Nf3 Qe7 8. Bg5
h6 9. Bh4 a5 10. a3 Bxc3+ 11. bxc3 e5 12. Be2 b6 13. h3 g5 14. Bg3 Ne4 15. Bh2
Bf5 16. O-O Bg6 17. c5 bxc5 18. Rac1 a4 19. Qb5 Na5 20. Qxa4 Rfb8 21. Qd1 Nb3
22. Rc2 exd4 23. cxd4 Rxa3 24. dxc5 Nbxc5 25. Qc1 Rba8 26. Nd4 Ra1 27. Qxa1
Rxa1 28. Rxa1 Nxf2 29. Kxf2 Bxc2 30. Nxc2 Qf6+ 31. Kg1 Qc3 32. Bd1 Kg7 33. Bg3
Ne4 34. Be1 Qe5 35. Nd4 Nc3 36. Bf2 Nxd1 37. Rxd1 c5 38. Nf3 Qe6 39. Kh2 d5 40.
Bg3 f6 41. Rd3 Qe4 42. Rc3 d4 43. exd4 cxd4 44. Rc4 Qd5 45. Rxd4 Qe6 46. Rd6
Qe4 47. Rd4 Qe2 48. Rd2 Qe4 49. Rd1 h5 50. Re1 Qd5 51. Kg1 Kg6 52. Bf2 Qf5 53.
Rc1 Qd5 54. Nd4 Qe4 55. Re1 Qd5 56. Rf1 Qe4 57. Re1 Qd5 58. Nf3 Qc4 59. Be3 Qd5
60. Bf2 Qc4 61. Rf1 Qd5 62. Kh1 Qc4 63. Re1 Qd5 64. Kh2 Qd6+ 65. Bg3 Qd5 66.
Re2 Qc4 67. Rd2 Qe4 68. Kg1 Qe3+ 69. Bf2 Qe4 70. Kf1 Qc4+ 71. Kg1 Qe4 72. Rd1
Qc4 73. Rf1 Qe4 74. Bg3 Qe3+ 75. Kh1 Qe4 76. Be1 Qe2 77. Kg1 Qe3+ 78. Bf2 Qe4
79. Re1 Qd5 80. Nd4 Qc4 81. Rf1 Qd5 82. Be3 Qe4 83. Nf5 Qe6 84. Rf3 Qe4 85. Kh2
Qe5+ 86. Kh1 Qa1+ 87. Bg1 Qe5 88. Rf1 Qe6 89. Bd4 Qe2 90. Ng3 Qd3 91. Rxf6+ Kh7
92. Nf5 Qb1+ 93. Kh2 Qb8+ 94. Nd6 Qb4 95. Be5 h4 96. Rf7+ Kh6 97. Nf5+ Kg6 98.
Rf6+ Kh7 99. Nd6 Qc5 100. Rf7+ Kh6 101. Rf6+ Kh7 102. Re6 Qd5 103. Re7+ Kg6
104. Ne8 Qc5 105. Bd6 Qb5 106. Re6+ Kf7 107. Re5 Qd3 108. Re7+ Kg6 109. Re6+
Kf7 110. Re7+ Kg6 111. Re5 Qg3+ 112. Kh1 Qd3 113. Kg1 Qd1+ 114. Kf2 Qd2+ 115.
Re2 Qd4+ 116. Kf1 Qd1+ 117. Re1 Qd3+ 118. Kg1 Qd4+ 119. Kh2 Qd5 120. Re7 Qd2
121. Be5 Qd5 122. Nd6 Qb3 123. Rg7+ Kh5 124. Bf6 Qg3+ 125. Kh1 Qe1+ 126. Kh2
Qg3+ 127. Kh1 Qe1+ 128. Kh2 1/2-1/2

[Event "FIDE Open World Blitz 2021"]
[Site "Warsaw"]
[Date "2021.12.29"]
[Round "8.33"]
[White "Lopusiewicz, Piotr"]
[Black "Sadzikowski, Daniel"]
[Result "0-1"]
[WhiteElo "2279"]
[BlackElo "2415"]
[Annotator "NA"]
[PlyCount "104"]
[EventDate "2021.12.29"]
[EventType "swiss"]
[EventCountry "POL"]
[Tiebreak "Cut1 Buchholz"]
[SourceTitle "playchess.com"]
[Source "ChessBase"]
[SourceQuality "1"]

1. d4 Nf6 2. c4 e6 3. Nf3 b6 4. g3 Bb7 5. Bg2 Bb4+ 6. Bd2 c5 7. Bxb4 cxb4 8.
O-O O-O 9. Qd3 d6 10. Nbd2 Nbd7 11. e4 e5 12. Rfe1 a5 13. Rad1 Re8 14. Nh4 g6
15. b3 Qe7 16. Rf1 Nf8 17. d5 N6d7 18. Qe3 Qf6 19. Kh1 Nc5 20. Rde1 Bc8 21. f4
exf4 22. Rxf4 Qg7 23. Ref1 Ra7 24. Qf3 Rae7 25. Rf6 Rd8 26. g4 g5 27. Rxd6 Rxd6
28. Nf5 Bxf5 29. gxf5 Nfd7 30. Qg3 Ne5 31. Bh3 f6 32. Bg4 Ra7 33. Bh5 Ncd7 34.
h4 Kh8 35. Rg1 Nc5 36. Be2 h6 37. hxg5 fxg5 38. Bh5 Re7 39. Qh2 Ncd7 40. Nf1
Nf6 41. Ng3 Re8 42. Bg6 Rf8 43. Bh5 Kg8 44. Bd1 g4 45. Nh5 Nxh5 46. Qxh5 Kh8
47. Bxg4 Nxg4 48. Rxg4 Qe7 49. Rg6 Rxg6 50. Qxg6 Qxe4+ 51. Kh2 Qxf5 52. Qxh6+
Qh7 0-1

[Event "FIDE Open World Blitz 2021"]
[Site "Warsaw"]
[Date "2021.12.29"]
[Round "8.34"]
[White "Michalik, Peter"]
[Black "Mitrabha, Guha"]
[Result "1-0"]
[WhiteElo "2605"]
[BlackElo "2370"]
[Annotator "ChessBase"]
[PlyCount "107"]
[EventDate "2021.12.29"]
[EventType "swiss"]
[EventCountry "POL"]
[Tiebreak "Cut1 Buchholz"]
[SourceTitle "playchess.com"]
[Source "ChessBase"]
[SourceQuality "1"]

1. e4 c6 2. Nf3 d5 3. d3 dxe4 4. dxe4 Qxd1+ 5. Kxd1 Nf6 6. Nbd2 g6 7. Ne5 Nbd7
8. Nd3 Bg7 9. f3 b6 10. a4 a5 11. c3 Ba6 12. Kc2 O-O-O 13. Nb3 Ne8 14. Be3 Nd6
15. Nd2 f5 16. Nf2 Bxf1 17. Rhxf1 Kb7 18. Nd3 Ne5 19. Nxe5 Bxe5 20. f4 Bg7 21.
e5 Nc8 22. Nf3 Rd7 23. Ng5 c5 24. Rad1 Rhd8 25. Bd2 h6 26. Ne6 Rg8 27. h4 Bh8
28. Be3 Kc6 29. b4 axb4 30. cxb4 cxb4 31. Kb3 g5 32. hxg5 hxg5 33. Nxg5 Rgd8
34. Rxd7 Rxd7 35. Kxb4 Rd3 36. Rf3 Kd5 37. Nh3 Rd1 38. Nf2 Rb1+ 39. Kc3 e6 40.
Rh3 Bg7 41. Rh7 Bf8 42. Rh8 Bb4+ 43. Kc2 Re1 44. Rd8+ Nd6 45. Nd3 Re2+ 46. Kd1
Rxe3 47. Nxb4+ Kc4 48. Nc2 Rd3+ 49. Ke2 Rc3 50. Ne3+ Kd4 51. Rxd6+ Ke4 52. Nd1
Rc2+ 53. Rd2 Rc4 54. g3 1-0

[Event "FIDE Open World Blitz 2021"]
[Site "Warsaw"]
[Date "2021.12.29"]
[Round "8.34"]
[White "Aditya, Mittal"]
[Black "Nasuta, Grzegorz"]
[Result "0-1"]
[WhiteElo "2245"]
[BlackElo "2377"]
[Annotator "NA"]
[PlyCount "102"]
[EventDate "2021.12.29"]
[EventType "swiss"]
[EventCountry "POL"]
[Tiebreak "Cut1 Buchholz"]
[SourceTitle "playchess.com"]
[Source "ChessBase"]
[SourceQuality "1"]

1. d4 d5 2. c4 c6 3. Nf3 Nf6 4. Nc3 dxc4 5. a4 Bf5 6. e3 e6 7. Bxc4 Bb4 8. O-O
Nbd7 9. Nh4 O-O 10. h3 Bg6 11. Nxg6 hxg6 12. Qe2 Qe7 13. Na2 Bd6 14. e4 e5 15.
f4 exd4 16. e5 Bc5 17. Kh2 Nd5 18. Bxd5 cxd5 19. b4 Bxb4 20. Nxb4 Qxb4 21. Ba3
Qc4 22. Qg4 Rfd8 23. Be7 d3 24. Rad1 b6 25. Rfe1 Nc5 26. Bxd8 Rxd8 27. f5 gxf5
28. Qxf5 Qxa4 29. Rf1 Qd7 30. Qg5 Re8 31. Rf4 Qe6 32. Rg4 Qxe5+ 33. Qxe5 Rxe5
34. Rd4 Kf8 35. Kg3 Ke7 36. Ra1 a6 37. Rb1 b5 38. Kf3 Kd6 39. Ra1 Kc6 40. Rc1
Kb6 41. Rb1 a5 42. Rf4 f6 43. Rg4 g5 44. h4 gxh4 45. Rxh4 Ne4 46. Rd1 d2 47.
Ke3 Nc3+ 48. Kxd2 Nxd1 49. Kxd1 a4 50. g4 Re4 51. Rh6 Rxg4 0-1

[Event "FIDE Open World Blitz 2021"]
[Site "Warsaw"]
[Date "2021.12.29"]
[Round "8.35"]
[White "Peng, Li Min"]
[Black "Indjic, Aleksandar"]
[Result "1/2-1/2"]
[WhiteElo "2412"]
[BlackElo "2603"]
[Annotator "ChessBase"]
[PlyCount "133"]
[EventDate "2021.12.29"]
[EventType "swiss"]
[EventCountry "POL"]
[Tiebreak "Cut1 Buchholz"]
[SourceTitle "playchess.com"]
[Source "ChessBase"]
[SourceQuality "1"]

1. Nf3 g6 2. d4 Bg7 3. e4 d6 4. Bc4 Nf6 5. Qe2 O-O 6. O-O Bg4 7. Nbd2 Nc6 8. c3
e5 9. d5 Ne7 10. Re1 h6 11. Nf1 Nh7 12. h3 Bd7 13. Ng3 Kh8 14. Nh4 c6 15. dxc6
bxc6 16. Rd1 d5 17. Bb3 a5 18. Nf3 a4 19. Bc2 Qc7 20. b3 axb3 21. Bxb3 Be6 22.
Be3 Ra5 23. Rac1 Nf6 24. Bd2 dxe4 25. Nxe4 Nxe4 26. Qxe4 f5 27. Qe2 Bxb3 28.
axb3 e4 29. Nd4 Qe5 30. c4 Ra2 31. Rc2 Rxc2 32. Nxc2 Qb2 33. Bb4 Re8 34. Rd7
Ng8 35. Qd2 Nf6 36. Rxg7 Kxg7 37. Bc3 Qb1+ 38. Kh2 Kf7 39. Qd6 Re6 40. Qc7+ Re7
41. Qxc6 Re6 42. Qc7+ Re7 43. Qc6 Nd7 44. Qd5+ Ke8 45. Qg8+ Nf8 46. Ne3 Qxb3
47. Bg7 Qb8+ 48. g3 Rxg7 49. Qxg7 Qb6 50. Qxh6 Kf7 51. Qf4 Ne6 52. Qe5 Qa7 53.
Qd5 Ke7 54. Qe5 Kf7 55. Kg2 Qb6 56. Nd5 Qd8 57. h4 Ng7 58. Nf4 Qd7 59. c5 Qc6
60. h5 gxh5 61. Qd4 Kg8 62. Kh2 Kf7 63. Qc4+ Ke7 64. Qd4 Kf7 65. Qe5 Qd7 66.
Nd5 Qe6 67. Qc7+ 1/2-1/2

[Event "FIDE Open World Blitz 2021"]
[Site "Warsaw"]
[Date "2021.12.29"]
[Round "8.35"]
[White "Baum, Jonasz"]
[Black "Yunusov, Mukhammad"]
[Result "1-0"]
[WhiteElo "2157"]
[BlackElo "1874"]
[Annotator "NA"]
[PlyCount "57"]
[EventDate "2021.12.29"]
[EventType "swiss"]
[EventCountry "POL"]
[Tiebreak "Cut1 Buchholz"]
[SourceTitle "playchess.com"]
[Source "ChessBase"]
[SourceQuality "1"]

1. d4 d5 2. c4 c6 3. Nf3 Nf6 4. Nbd2 Bf5 5. Nh4 Bg6 6. Qb3 Qb6 7. Qh3 Nbd7 8.
Nxg6 fxg6 9. e3 c5 10. cxd5 cxd4 11. Nc4 Qc5 12. exd4 Qxd5 13. Ne3 Qe4 14. Bc4
e6 15. O-O Kf7 16. Bd2 Bd6 17. Rae1 Rhe8 18. Bc3 Qf4 19. d5 e5 20. Bb5 Rad8 21.
Nc4 Bb8 22. Ba5 b6 23. Bd2 Nc5 24. Bxf4 exf4 25. Bxe8+ Nxe8 26. d6 Nf6 27. Ne5+
Kg8 28. Nc6 Rxd6 29. Nxb8 1-0

[Event "FIDE Open World Blitz 2021"]
[Site "Warsaw"]
[Date "2021.12.29"]
[Round "8.36"]
[White "Sankalp, Gupta"]
[Black "Sjugirov, Sanan"]
[Result "0-1"]
[WhiteElo "2323"]
[BlackElo "2589"]
[Annotator "ChessBase"]
[PlyCount "180"]
[EventDate "2021.12.29"]
[EventType "swiss"]
[EventCountry "POL"]
[Tiebreak "Cut1 Buchholz"]
[SourceTitle "playchess.com"]
[Source "ChessBase"]
[SourceQuality "1"]

1. e4 e6 2. d4 d5 3. Nd2 c5 4. exd5 exd5 5. Ngf3 Nf6 6. Bb5+ Bd7 7. Qe2+ Be7 8.
dxc5 O-O 9. O-O Bxc5 10. Nb3 Bb6 11. Bg5 Nc6 12. Rad1 Re8 13. Qd2 Bg4 14. Be2
h6 15. Bh4 Qd6 16. Bg3 Qd7 17. Rfe1 Rad8 18. c3 Ne4 19. Qf4 g5 20. Qc1 Nxg3 21.
hxg3 Qd6 22. Nfd4 Nxd4 23. Nxd4 Bxd4 24. Bxg4 Rxe1+ 25. Rxe1 Qxg3 26. cxd4 Qxg4
27. Qc5 b6 28. Qc7 Rf8 29. Qd6 Qxd4 30. Qxh6 Qg7 31. Qd6 Qxb2 32. Qxd5 Qf6 33.
Re5 Rd8 34. Rxg5+ Kf8 35. Qe5 Rd1+ 36. Kh2 Qxe5+ 37. Rxe5 Rd2 38. a3 Rxf2 39.
Re3 Rf4 40. Rc3 Ra4 41. Re3 Kg7 42. Kg3 Kf6 43. Kf3 Kf5 44. Kf2 Rf4+ 45. Kg3
Rg4+ 46. Kf2 Rf4+ 47. Kg3 Re4 48. Rc3 Ke6 49. Kf3 Ra4 50. Rd3 Ke5 51. g4 f6 52.
Kg3 Rc4 53. Rf3 Ke6 54. Re3+ Kf7 55. Rf3 Kg6 56. Rd3 Ra4 57. Kf3 Rc4 58. Kg3
Re4 59. Kf3 Re5 60. Kf4 Ra5 61. Kf3 Kg5 62. Kg3 Re5 63. Rf3 Rd5 64. Kh3 Rc5 65.
Kg3 Rd5 66. Kh3 Kg6 67. Kg3 Rd4 68. Kh3 Ra4 69. Kg3 Kg5 70. Rf5+ Kg6 71. Rf3
Rc4 72. Rd3 Rc5 73. Kf4 Ra5 74. Kg3 Kg5 75. Rf3 Rd5 76. Kh3 b5 77. Kg3 a6 78.
Kh3 Rd4 79. Rf5+ Kg6 80. Rf3 a5 81. Rf5 Rd3+ 82. Kh4 Rb3 83. a4 bxa4 84. Rxa5
a3 85. Ra6 Rc3 86. Ra7 Rd3 87. Ra6 Kf7 88. Ra7+ Ke6 89. Ra5 Kd6 90. Kh5 Rd5+
0-1